| 000 | 00800nas a2200277 4500 | ||
|---|---|---|---|
| 001 | BR0003348 | ||
| 003 | BR-BrBNA | ||
| 005 | 20231205101934.0 | ||
| 007 | ta | ||
| 008 | 230509b bl.|||p| |||| 00| 00por d | ||
| 040 |
_aBR-BrBNA _bpor _cBiblioteca Nacional de Agricultura |
||
| 041 | _a(Pt) | ||
| 072 | _aL53 | ||
| 100 | 1 | _aIgarashi, M.A. | |
| 100 | 1 | _aKobayashi, R.K. | |
| 245 | 1 | _aCultivo do camarao marinho, Palaemon northropi, do ovo a maturacao | |
| 650 | _aCamarao | ||
| 650 | _aAnimal de Laboratorio | ||
| 650 | _aReproducao Animal | ||
| 650 | _aLarva | ||
| 650 | _aMaturacao Artificial | ||
| 650 | _aCeara | ||
| 773 | 0 |
_tCiencia Agronomica (Brazil) _xISSN 0045-6888 _g(1996), v. 27(1-2) p. 29-33 _wBR0003348 |
|
| 909 |
_a202311 _bLúcia _c55 _dLúcia Elande |
||
| 942 |
_2AGRIS _n0 _cANA |
||
| 999 |
_c164826 _d164826 |
||